000 00233 a2200097 4500
001 49372
100 _aDavin
245 _aKatherine Mansfield Selected Stories
260 _aLondon
_bOxford University Press
_c
090 _c31911
_d31911
942 _aNUST-CAE
_cM
_c24349
999 _c284445
_d284445